00391nam a2200145Ia 4500008004100000020001500041041001200056100002000068245007100088250000800159260004000167300000800207650001100215700001900226221030s9999 xx 000 0 und d a0199461856 aEnglish aM. N. O. Saidku 0aPrinciples of Electromagneticscby M. N. O. Saidku, S. V. Kulkarni a6th bOxford Univ. PressaNew Delhic2015 a883 aBB EMT aS. V. Kulkarni